00446nam a22001097a 4500100007100000245011700071260002700188300000900215650004400224700003600268856003200304 aImran Khana17-16MCEM05aSupervisor - Prof.Dr. Daddan Khan Bangwar aInvestigating the Effect of Underground Water on Mechanical and Durability Properties of Brick Kiln Ash Concrete aNawabshahbQuestc2021 a42p. aConstruction Engineering and Management aDeparment of Civil Engineering  uhttp://tinyurl.com/ycxpztuv